Städte in Rheinland-Pfalz - Karten-Quiz - Statistiken

Allgemein
  • Dieses Quiz wurde 49 mal gespielt
  • Das Durchschnittsergebnis liegt bei 13 aus 19
Antworten auf der Karte
Die Antworten werden auf der Karte rot bzw. grün angezeigt, abhängig davon wie oft sie richtig erraten wurden.
 
Antwortstatistiken
Antwort % Korrekt
Mainz
93%
Koblenz
88%
Trier
80%
Kaiserslautern
75%
Ludwigshafen am Rhein
75%
Zweibrücken
75%
Montabaur
70%
Pirmasens
70%
Speyer
70%
Bad Kreuznach
65%
Alzey
63%
Bitburg
63%
Neustadt an der Weinstraße
63%
Worms
60%
Mayen
58%
Bad Neuenahr-Ahrweiler
55%
Simmern
55%
Idar-Oberstein
53%
Wittlich
53%
Keine übereinstimmenden Quizze gefunden
Verteilung der Resultate
Anzahl Personen mit jedem Resultat
Perzentil nach korrekt beantworteten Fragen
Ihre Resultats-Entwicklung
Sie haben dieses Quiz noch nicht gespielt